Metamorphosis : a problem in developmental biology. /

Bibliographic Details
Main Authors: Etkin, William, 1906-, Gilbert, Lawrence I. (Lawrence Irwin), 1929- (Author)
Corporate Author: SpringerLink (Online service)
Format: eBook
Language:English
Published: New York : Appleton-Century-Crofts, 1968.
Subjects:
Online Access:Connect to the full text of this electronic book

MARC

Tag First Indicator Second Indicator Subfields
LEADER 00000cam a2200000K 4500
001 in00003511921
006 m o d
007 cr bn||||||abp
007 cr bn||||||ada
008 101117s1968 nyua ob 000 0 eng d
005 20260421171355.7
019 |a 643898135  |a 883383392 
020 |a 9781461332466 (electronic bk.) 
020 |a 146133246X (electronic bk.) 
024 7 |a 10.1007/978-1-4613-3246-6  |2 doi 
035 |a (OCoLC)682061358  |z (OCoLC)643898135  |z (OCoLC)883383392 
040 |a OCLCE  |b eng  |e pn  |c OCLCE  |d OCLCQ  |d OCLCO  |d OCLCQ  |d OCLCF  |d OCLCO  |d GW5XE  |d UtOrBLW 
042 |a dlr 
049 |a TXAM 
050 4 |a QL981  |b .E78 
060 4 |a QL 981  |b E84m 1968 
080 |a 591.34 K8 
082 0 4 |a 591.3/4 
084 |a 42.23  |2 bcl 
100 1 |a Etkin, William,  |d 1906- 
245 1 0 |a Metamorphosis :  |b a problem in developmental biology. /  |c Edited by William Etkin [and] Lawrence I. Gilbert. 
264 1 |a New York :  |b Appleton-Century-Crofts,  |c 1968. 
300 |a 1 online resource (xii, 459 pages) :  |b illustrations (some color) 
336 |a text  |b txt  |2 rdacontent 
337 |a computer  |b c  |2 rdamedia 
338 |a online resource  |b cr  |2 rdacarrier 
504 |a Includes bibliographical references. 
505 0 |a Metamorphosis in crustaceans / John D. Costlow, Jr. -- Metamorphic changes in insects / Joan Whitten -- Control of hormone production in insects / William S. Herman -- Biochemistry of insect metamorphosis / Gerard R. Wyatt -- Gene activities during insect metamorphosis and their control by hormones / Heinrich Kroeger -- Metamorphosis in lower chordates / E.J.W. Barrington -- Survey of amphibian metamorphosis / James Norman Dent -- Hormonal control of amphibian metamorphosis / William Etkin -- Biochemistry of amphibian metamorphosis / Earl Frieden -- Nature of hormone action in amphibian metamorphosis / Jane C. Kaltenbach. 
538 |a Master and use copy. Digital master created according to Benchmark for Faithful Digital Reproductions of Monographs and Serials, Version 1. Digital Library Federation, December 2002.  |u http://purl.oclc.org/DLF/benchrepro0212  |5 MiAaHDL 
583 1 |a digitized  |c 2010  |h HathiTrust Digital Library  |l committed to preserve  |2 pda  |5 MiAaHDL 
588 |a Description based on print version record. 
500 |a Electronic resource. 
650 0 |a Metamorphosis. 
650 2 |a Metamorphosis, Biological. 
650 6 |a Métamorphose. 
650 7 |a Metamorphosis.  |2 fast  |0 (OCoLC)fst01018264 
655 7 |a Electronic books.  |2 local 
700 1 |a Gilbert, Lawrence I.  |q (Lawrence Irwin),  |d 1929-  |e author. 
710 2 |a SpringerLink (Online service) 
776 1 8 |i Print version:  |a Etkin, William, 1906-  |t Metamorphosis.  |d New York, Appleton-Century-Crofts, 1968  |w (DLC) 67029170  |w (OCoLC)299404 
856 4 0 |u http://proxy.library.tamu.edu/login?url=https://link.springer.com/10.1007/978-1-4613-3246-6  |z Connect to the full text of this electronic book  |t 0 
994 |a 92  |b TXA 
999 |a MARS 
999 f f |s 5f4e812b-c1d1-37d0-bec9-fc1c273d1539  |i 6b16a515-3c54-3845-a696-ab6223991267  |t 0 
952 f f |a Texas A&M University  |b College Station  |c Electronic Resources  |s www_evans  |d Available Online  |t 0  |e QL981 .E78  |h Library of Congress classification 
998 f f |a QL981 .E78  |t 0  |l Available Online